LEADER 01189nam 2200361 450 001 000011463 005 20050718115400.0 010 $a0-387-90381-x 100 $a20020830d1979----km-y0itay0103----ba 101 0 $aeng 102 $aUS 200 1 $aNumber theory for beginners$fAndré Weil$gwith the collaboration of Maxwell Rosenlicht 210 $aNew York [etc.]$cSpringer$dc1979 215 $aVII, 70 p.$d23 cm. 606 $aNumeri$xTeoria 676 $a512.7$v(20. ed.)$9Teoria dei numeri 691 $a03-xx$9Number theory 700 1$aWeil,$bAndré$0756712 801 0$aIT$bUniversità della Basilicata - B.I.A.$gRICA$2unimarc 912 $a000011463 996 $aNumber theory for beginners$91526756 997 $aUNIBAS BAS $aMONSCI BAS $aMONOGR BAS $aSCIENZE CAT $aEXT002$b01$c20020830$lBAS01$h0956 CAT $c20050601$lBAS01$h1754 CAT $abatch$b01$c20050718$lBAS01$h1051 CAT $c20050718$lBAS01$h1110 CAT $c20050718$lBAS01$h1140 CAT $c20050718$lBAS01$h1154 FMT Z30 -1$lBAS01$LBAS01$mBOOK$1BASA5$ADipartimento Matematica$2GEN$BCollezione generale$3MAT$6906$5M906$820020830$f51$FRiservati LEADER 01508nam0 2200289 450 001 000040743 005 20150709134903.0 100 $a20150604d2015----km-y0itay50------ba 101 0 $aita 102 $aIT 105 $aa---m-------- 200 1 $aMiglioramento delle performance del sistema rst-fires mediante lo sviluppo e l'implementazione di una nuova cloud mask msg-seviri$bTesi di dottorato$fDottoranda: Rosita Corrado$gCoordinatore: Aurelia Sole$gTutor: Valerio Tramutoli$gCo-Tutor: Carolina Filizzola 210 $a[Potenza]$d[2015] 215 $a126 p.$cill.$d30 cm. 328 1$aTesi di dottorato: Università della Basilicata, Dottorato di ricerca in Metodi e tecnologie per il monitoraggio ambientale, XXVII ciclo, A.a. 2013-2014 676 $a621.3678$v(22. ed.)$9Tecnologia del rilevamento a distanza 686 $aFIS/06$cFisica per il sistema terra e per il mezzo circumterrestre 700 1$aCorrado,$bRosita$0447616 801 0$aIT$bUniversità della Basilicata - B.I.A.$gREICAT$2unimarc 912 $a000040743 996 $aMiglioramento delle performance del sistema rst-fires mediante lo sviluppo e l'implementazione di una nuova cloud mask msg-seviri$9104701 997 $aUNIBAS CAT $aSTD103$b01$c20150604$lBAS01$h1131 CAT $aSTD103$b01$c20150605$lBAS01$h1222 CAT $aTTM$b30$c20150709$lBAS01$h1349 FMT Z30 -1$lBAS01$LBAS01$mBOOK$1BASA2$APolo Tecnico-Scientifico$2TDO$BTesi di Dottorato$3TDI.27c.CR1$640743-10$54074310$820150604$f98$FConsultazione